Umíte si vybrat vhodnou poradenskou firmu?

Veľká pestrosť západných poradenských firiem a rýchly rozvoj týchto firiem v ČSFR. Delenie poradenských spoločností na dve skupiny: s neohraničenou poradenskou agendou (general management consultants) a špecializované poradenské spoločnosti. Návod, ako postupovať pri výbere poradenskej spoločnosti.

Guardado en:
Detalles Bibliográficos
Autor principal: Pernický, R.
Formato: Capítulo de libro
Lenguaje:checo
Materias:
Etiquetas: Agregar Etiqueta
Sin Etiquetas, Sea el primero en etiquetar este registro!

MARC

LEADER 00000naa a2200000 4500
001 r003206
005 20221125080258.2
041 0 |a cze 
044 |a [CS] 
245 1 0 |a Umíte si vybrat vhodnou poradenskou firmu?  |c R. Pernický 
520 |a Veľká pestrosť západných poradenských firiem a rýchly rozvoj týchto firiem v ČSFR. Delenie poradenských spoločností na dve skupiny: s neohraničenou poradenskou agendou (general management consultants) a špecializované poradenské spoločnosti. Návod, ako postupovať pri výbere poradenskej spoločnosti. 
610 2 0 |a poradenstvo 
610 2 0 |a krajiny kapitalistické 
610 2 0 |a ČSFR 
610 2 0 |a podnik 
100 1 |a Pernický, R.